The ghost road / (Record no. 1068)
[ view plain ]
| 000 -LEADER | |
|---|---|
| fixed length control field | 01296cam a2200277 a 4500 |
| 005 - DATE AND TIME OF LATEST TRANSACTION | |
| control field | 20230821133708.0 |
| 020 ## - INTERNATIONAL STANDARD BOOK NUMBER | |
| International Standard Book Number | 9780545034326 |
| 040 ## - CATALOGING SOURCE | |
| Original cataloging agency | DLC |
| Transcribing agency | DLC |
| Modifying agency | DLC |
| Language of cataloging | eng |
| 050 00 - LIBRARY OF CONGRESS CALL NUMBER | |
| Classification number | PZ7.A1587 |
| Item number | Gh 2009 |
| 082 00 - DEWEY DECIMAL CLASSIFICATION NUMBER | |
| Classification number | [Fic] |
| Edition number | 22 |
| 100 1# - MAIN ENTRY--PERSONAL NAME | |
| Personal name | Abbott, Tony |
| Dates associated with a name | 1952- |
| 245 14 - TITLE STATEMENT | |
| Title | The ghost road / |
| Statement of responsibility, etc. | Tony Abbott. |
| 260 ## - PUBLICATION, DISTRIBUTION, ETC. | |
| Place of publication, distribution, etc. | New York : |
| Name of publisher, distributor, etc. | Scholastic, |
| Date of publication, distribution, etc. | 2009. |
| 300 ## - PHYSICAL DESCRIPTION | |
| Extent | 162 pages : |
| Dimensions | 20 cm. |
| 490 0# - SERIES STATEMENT | |
| Series statement | Haunting of Derek Stone ; |
| Volume/sequential designation | Book 4 |
| 505 ## - FORMATTED CONTENTS NOTE | |
| Formatted contents note | M <br/> |
| 520 ## - SUMMARY, ETC. | |
| Summary, etc. | "Could the road to the afterlife be a two-way street? Derek can't claim to be a normal fourteen-year-old anymore. Not after what he discovered at the Red House. His role in the war against the dead is more pivotal--and more terrifying--than he could have imagined. And so it all comes down to this. The Rift between the worlds of the living and the dead has to be closed forever. It seems like an impossible task. And it rests squarely on the shoulders of a slightly overweight, not especially brave kid named Derek Stone."--p. [4] of cover. |
| 521 ## - TARGET AUDIENCE NOTE | |
| Target audience note | 540 <br/> |
| Source | Lexile <br/> |
| 521 ## - TARGET AUDIENCE NOTE | |
| Target audience note | M <br/> |
| Source | Raz-Plus <br/> |
| 650 #1 - SUBJECT ADDED ENTRY--TOPICAL TERM | |
| Topical term or geographic name entry element | Supernatural |
| Form subdivision | Fiction. |
| 650 #1 - SUBJECT ADDED ENTRY--TOPICAL TERM | |
| Topical term or geographic name entry element | Horror stories. |
| 906 ## - LOCAL DATA ELEMENT F, LDF (RLIN) | |
| a | 7 |
| b | cbc |
| c | orignew |
| d | 2 |
| e | ncip |
| f | 20 |
| g | y-gencatlg |
| 942 ## - ADDED ENTRY ELEMENTS (KOHA) | |
| Source of classification or shelving scheme | Dewey Decimal Classification |
| Koha item type | Books |
| Suppress in OPAC | No |
| 999 ## - | |
| -- | 1068 |
| -- | 1068 |
| Withdrawn status | Lost status | Source of classification or shelving scheme | Damaged status | Not for loan | Collection | Home library | Current library | Shelving location | Date acquired | Total Checkouts | Full call number | Barcode | Date last seen | Price effective from | Koha item type |
|---|---|---|---|---|---|---|---|---|---|---|---|---|---|---|---|
| Dewey Decimal Classification | Juvenile Fiction | Footprints International School Library Network Toul Kork Campus | Footprints International School Library Network Toul Kork Campus | 07/19/2023 | ABB Fic PZ7.A1587 | FISSE00188 | 01/15/2024 | 07/19/2023 | Books |
